La rendición de cuentas en el derecho privado

Furkejuvvon:
Bibliográfalaš dieđut
Váldodahkki: Espinosa Jover, Mariano (Dahkki)
Materiálatiipa: Girji
Giella:espánnjágiella
Almmustuhtton: Madrid Revista de Derecho Privado 1975
Ráidu:Monografías Jurídicas
Fáttát:
Fáddágilkorat: Lasit fáddágilkoriid
Eai fáddágilkorat, Lasit vuosttaš fáddágilkora!

MARC

LEADER 00000nam a2200000 a 4500
001 UCS1200
003 CL-VaPUC
008 970509e19750000SP |||||||||||||||||spa|d
082 0 4 |a 346.02  |b ESP  |2 21 
100 0 |a Espinosa Jover, Mariano  |e author  |9 385442 
245 1 3 |a La rendición de cuentas en el derecho privado 
300 |a 278 p 
942 |c BK 
945 |d 19970509 00:00:00  |a cmena 
260 |a Madrid  |b Revista de Derecho Privado  |c 1975 
650 0 |a Derecho civil  |9 255013 
650 0 |a Derecho privado  |9 258243 
650 0 |a Obligaciones   |9 255578 
650 7 |a RENTA  |2 CL-VaPUC  |9 358792 
650 0 |a Código civil  |9 256135 
650 0 |a Código de comercio   |9 329302 
650 0 |a Derecho comparado  |9 255664 
651 0 |a España  |9 254926 
583 |a last modification  |c 19970509 00:00:00  |k Rodrigo Vera 
490 0 |a Monografías Jurídicas 
999 |c 259301  |d 259299 
952 |0 0  |1 0  |4 0  |6 346_020000000000000_ESP_1975  |7 0  |8 A  |9 283954  |a BIBDER  |b BIBDER  |d 2019-11-19  |i 1849255  |o 346.02 ESP 1975  |p 1849255  |r 2023-01-25  |w 2019-11-19  |y BK  |k DER